Financial management for decision makers / (Record no. 18414)

MARC details
000 -LEADER
fixed length control field 00891cam a22002778i 4500
001 - CONTROL NUMBER
control field 18135874
005 - DATE AND TIME OF LATEST TRANSACTION
control field 20140928110421.0
008 - FIXED-LENGTH DATA ELEMENTS--GENERAL INFORMATION
fixed length control field 140501s2014 xxka frd 001 0 eng d
020 ## - INTERNATIONAL STANDARD BOOK NUMBER
International Standard Book Number 9781292016061 (print)
020 ## - INTERNATIONAL STANDARD BOOK NUMBER
Cancelled/invalid ISBN 9781292016078 (eText)
040 ## - CATALOGING SOURCE
Original cataloging agency DLC
Language of cataloging eng
Description conventions rda
Transcribing agency DLC
Modifying agency EG-SCBUE
082 00 - DEWEY DECIMAL CLASSIFICATION NUMBER
Classification number 658.15
Edition number 22
Item number ATR
100 1# - MAIN ENTRY--PERSONAL NAME
Personal name Atrill, Peter
9 (RLIN) 36108
245 10 - TITLE STATEMENT
Title Financial management for decision makers /
Statement of responsibility, etc Peter Atrill.
250 ## - EDITION STATEMENT
Edition statement 7th ed.
260 ## - PUBLICATION, DISTRIBUTION, ETC. (IMPRINT)
Place of publication, distribution, etc Harlow, United Kingdom :
Name of publisher, distributor, etc Pearson Education Limited,
Date of publication, distribution, etc 2014
Place of manufacture ([Rome] :
Manufacturer L.E.G.O. S.P. A.)
300 ## - PHYSICAL DESCRIPTION
Extent xxi, 630 p. :
Other physical details ill. (col.) ;
Dimensions 27 cm.
500 ## - GENERAL NOTE
General note Includes appendixes.
500 ## - GENERAL NOTE
General note Glossary : p. 605-613.
500 ## - GENERAL NOTE
General note Index : p. 615-630.
650 #0 - SUBJECT ADDED ENTRY--TOPICAL TERM
Topical term or geographic name as entry element Accounting
9 (RLIN) 9036
650 #0 - SUBJECT ADDED ENTRY--TOPICAL TERM
Topical term or geographic name as entry element Decision making
9 (RLIN) 12112
653 ## - INDEX TERM--UNCONTROLLED
Resource For college BAEPS, Business Administration
Arrived date list September2014
655 ## - INDEX TERM--GENRE/FORM
Form subdivision
-- 33728
942 ## - ADDED ENTRY ELEMENTS (KOHA)
Source of classification or shelving scheme Dewey Decimal Classification
Call number prefix 658.15 ATR
Holdings
Withdrawn status Item status Source of classification or shelving scheme Damaged status Not for loan Vendor Home library Current library Shelving location Date acquired Source of acquisition Total Checkouts Full call number Barcode Date last seen Koha item type Total Renewals Date last borrowed Cost, normal purchase price Cost, replacement price
    Dewey Decimal Classification     Baccah Central Library Central Library First floor 28/09/2014     658.15 ATR 000036390 15/07/2025 NB - Book (Non borrowing)        
    Dewey Decimal Classification     Baccah Central Library Central Library First floor 28/09/2014   11 658.15 ATR 000036391 15/07/2025 Book - Borrowing 26 08/10/2019    
    Dewey Decimal Classification     Baccah Central Library Central Library First floor 28/09/2014   9 658.15 ATR 000036392 15/07/2025 Book - Borrowing 15 26/09/2016    
    Dewey Decimal Classification     Baccah Central Library Central Library First floor 28/09/2014   8 658.15 ATR 000036393 15/07/2025 Book - Borrowing 21 26/10/2019    
    Dewey Decimal Classification     Baccah Central Library Central Library First floor 28/09/2014   7 658.15 ATR 000036394 15/07/2025 Book - Borrowing 21 18/12/2019    
    Dewey Decimal Classification     Baccah Central Library Central Library First floor 28/09/2014   8 658.15 ATR 000036395 15/07/2025 Book - Borrowing 18 16/10/2019    
    Dewey Decimal Classification     Baccah Central Library Central Library First floor 28/09/2014   8 658.15 ATR 000036396 15/07/2025 Book - Borrowing 40 26/10/2019    
    Dewey Decimal Classification     Baccah Central Library Central Library First floor 28/09/2014   7 658.15 ATR 000036397 15/07/2025 Book - Borrowing 31 03/10/2018    
  Lost and Paid For Dewey Decimal Classification     Baccah Central Library Central Library First floor 28/09/2014   8 658.15 ATR 000036398 29/09/2018 Book - Borrowing 91 29/09/2018 1000.00 1250.00
    Dewey Decimal Classification     Baccah Central Library Central Library First floor 28/09/2014   7 658.15 ATR 000036399 15/07/2025 Book - Borrowing 108 29/10/2017